000 00315nam a2200133Ia 4500
008 191201s2011 xx 000 0 und d
082 _a658.5
_bKAO
100 _aKAILA, H.L
245 0 _aOrganizational Behavior and HRM
260 _aN. Delhi
_bAITBS Pub.
_c2011
300 _a450
650 _aBBA
942 _2ddc
_cBK
999 _c4894
_d4894